Harry Potter Spellcaster's Minefield Quiz Stats

 Plays Quiz Updated Jun 29, 2012

Challenge
Share
Tweet
Embed
Score 0/21 Timer 06:00
16 Plays Today
Rank Spell % Correct
4???
72.2%
10???
70.9%
6???
63.2%
5???
61.4%
1???
52.2%
3???
52%
2???
51.5%
14???
48.4%
18???
47.8%
16???
36.9%
12???
21.4%
Rank Spell % Correct
X ???
20.5%
11???
20.5%
9???
19.8%
7???
13.4%
13???
12.2%
8???
11.6%
17???
10.2%
19???
6.2%
15???
4.6%
20???
3.7%

You're not logged in!

Compare scores with friends on all Sporcle quizzes.
Join for Free
OR
Log In

You Might Also Like...

Show Comments

Extras

Top Quizzes Today


Score Distribution

Your Account Isn't Verified!

In order to create a playlist on Sporcle, you need to verify the email address you used during registration. Go to your Sporcle Settings to finish the process.

Report this User

Report this user for behavior that violates our Community Guidelines.

Details: